| 000 | 01103nam a22002057a 4500 | ||
|---|---|---|---|
| 003 | OSt | ||
| 005 | 20231212104651.0 | ||
| 008 | 231121s2017 ag ||||| |||| 00| 1 spa d | ||
| 020 | _a9789877022407 | ||
| 040 | _cbesoc | ||
| 100 | 1 |
_aRiestra, Jorge, _d(1926-2016), _eautor |
|
| 245 | 1 | 3 |
_aEl taco de ébano / _cJorge Riestra |
| 260 |
_aRosario : _bUNR Editora, _c2017 |
||
| 300 | _a174 p. | ||
| 490 | 0 | _aConfingere | |
| 505 | 0 | _aPrólogo : un escritor moderno / Agustín Alzari -- El taco de ébano -- Los años -- El último verano -- Los viejos lugares.- | |
| 520 | _aEste libro compuesto de cuatro relatos condensa, temática y cualitativamente, toda la obra de Jorge Riestra: el culto a la amistad, el espacio del café de billares, la nostalgia del barrio y las fogatas, el deslumbramiento por las luces de la ciudad vista desde lejos. Las épocas mueren como las personas, dice Riestra, que reconstruyó un mundo para que, a través de ese artificio que llamamos literatura, sobreviva. [Nota del editor] | ||
| 650 | 4 |
_aLiteratura argentina _vCuentos _ySiglo XXI _xColección local |
|
| 942 |
_2udc _cOG _n0 |
||
| 999 |
_c150 _d150 |
||